Španielsko-slovenský slovník viac ako 100000 hesiel, okolo 400000 frazeologizmov a slovných spojení, dvojfarebná tlač
Salvato in:
| Autore principale: | |
|---|---|
| Altri autori: | |
| Natura: | Libro |
| Lingua: | spagnolo slovacco |
| Pubblicazione: |
Bratislava
KNIHA-SPOLOČNÍK
2007
|
| Soggetti: | |
| Tags: |
Nessun Tag, puoi essere il primo ad aggiungerne!!
|
MARC
| LEADER | 00000nam a2200000 4500 | ||
|---|---|---|---|
| 001 | 0067188 | ||
| 005 | 20240502071815.1 | ||
| 020 | |a 978-80-88814-48-0 | ||
| 041 | 0 | |a spa | |
| 041 | 0 | |a slo | |
| 044 | |a SK | ||
| 245 | 1 | 0 | |a Španielsko-slovenský slovník |b viac ako 100000 hesiel, okolo 400000 frazeologizmov a slovných spojení, dvojfarebná tlač |c Ladislav Trup - Eva Tallová |
| 264 | 1 | |a Bratislava |b KNIHA-SPOLOČNÍK |c 2007 | |
| 300 | |a 1260 s. | ||
| 610 | 2 | 0 | |a jazykoveda |
| 610 | 2 | 0 | |a terminológia |
| 610 | 2 | 0 | |a jazyky cudzie |
| 100 | 1 | |a Trup, Ladislav | |
| 700 | 1 | |a Tallová, Eva | |